000 00626nam a2200205Ia 4500
005 20250425162814.0
008 250425s9999 xx 000 0 und d
020 _a9786075260624
041 _aspa
082 _a620.112
_pASK
100 _aAskeland, Donald
245 0 _aCiencia e ingeniería de materiales
_cDonald R. Askeland; Wendelin J. Wright
260 _aMéxico
_bCengage Learning
_c2017
300 _a856 páginas
_bilustraciones
_c27 cm.
500 _aContiene respuestas de problemas seleccionados
650 _aIngeniería de Materiales
700 _aWright, Wendelin J.
942 _c01
010 _a109330
999 _c236776
_d236776